Normal view
MARC view
Entry Personal Name
001 - CONTROL NUMBER
- control field: 240864
003 - CONTROL NUMBER IDENTIFIER
- control field: OSt
005 - DATE AND TIME OF LATEST TRANSACTION
- control field: 20250927122345.0
008 - FIXED-LENGTH DATA ELEMENTS
- fixed length control field: 250927|| aca||aabn | a|a d
040 ## - CATALOGING SOURCE
- Original cataloging agency: OSt
- Transcribing agency: OSt
100 ## - HEADING--PERSONAL NAME
- Personal name: Karnataka Tulu Sahitya Akademi: ಕರ್ನಾಟಕ ತುಳು ಸಾಹಿತ್ಯ ಅಕಾಡೆಮಿ
670 ## - SOURCE DATA FOUND
- Source citation: Work cat.: (OSt)223418: Karnataka Tulu Sahitya Akademi: ಕರ್ನಾಟಕ ತುಳು ಸಾಹಿತ್ಯ ಅಕಾಡೆಮಿ , Mandara Keshava Bhatr: ಮಂದಾರ ಕೇಶವ ಬಟ್ರ್ , 1998